[Event "Open Liberec 2015"]
[Site "Liberec (CZE)"]
[Date "2015.02.14"]
[Round "1.1"]
[White "Roeder, Matthias"]
[Black "Jaksa, Petr"]
[Result "1-0"]
[WhiteElo "2414"]
[BlackElo "1814"]
[PlyCount "81"]
[EventDate "2015.02.14"]
[Source "lmi"]
[SourceDate "2015.02.14"]

1. Nf3 Nf6 2. c4 e6 3. g3 b6 4. Bg2 Bb7 5. O-O Be7 6. Nc3 O-O 7. b3 d5 8. e3 c5
9. Bb2 a6 10. cxd5 exd5 11. d4 Nc6 12. Rc1 cxd4 13. Nxd4 Nxd4 14. Qxd4 Bc5 15.
Qd3 Qd7 16. Na4 Rac8 17. Bxf6 gxf6 18. Rfd1 Rfd8 19. Rxc5 Rxc5 20. Nxc5 bxc5
21. Rc1 Rc8 22. Be4 Qb5 23. Bxh7+ Kf8 24. Bf5 Qxd3 25. Bxd3 a5 26. f3 Ke7 27.
Kf2 Kd6 28. e4 d4 29. Bc4 Rc7 30. h4 Bc8 31. h5 Be6 32. Ke2 f5 33. Kd3 Rc8 34.
h6 Rh8 35. Rh1 Rh7 36. Rh5 fxe4+ 37. Kxe4 Bxc4 38. bxc4 a4 39. g4 f6 40. Kf5 d3
41. Kg6 1-0

[Event "Open Liberec 2015"]
[Site "Liberec (CZE)"]
[Date "2015.02.14"]
[Round "1.2"]
[White "Frej, Zofia"]
[Black "Nagy, Gabor"]
[Result "0-1"]
[WhiteElo "1804"]
[BlackElo "2391"]
[PlyCount "64"]
[EventDate "2015.02.14"]
[Source "lmi"]
[SourceDate "2015.02.14"]

1. e4 c5 2. Nf3 d6 3. c3 Nf6 4. h3 g6 5. Bd3 Bg7 6. O-O O-O 7. Bc2 Nc6 8. d4
cxd4 9. cxd4 d5 10. e5 Ne4 11. Nc3 Bf5 12. Re1 Nxc3 13. bxc3 Bxc2 14. Qxc2 Rc8
15. Rb1 Qd7 16. Qd3 b6 17. Ba3 Na5 18. Nd2 Rc7 19. Bb4 Nc6 20. Ba3 Rfc8 21. Qe3
Nxe5 22. Bb2 Nc6 23. Nb3 e6 24. Qg3 Ne7 25. Qd3 Nf5 26. Nd2 Nd6 27. Rbc1 Qb5
28. Qb1 Qa4 29. Re3 Bxd4 30. Rf3 Bg7 31. Qc2 Qxc2 32. Rxc2 Nb5 0-1

[Event "Open Liberec 2015"]
[Site "Liberec (CZE)"]
[Date "2015.02.14"]
[Round "1.3"]
[White "Plischki, Sebastian"]
[Black "Berger, Volkmar"]
[Result "1-0"]
[WhiteElo "2386"]
[BlackElo "1801"]
[PlyCount "71"]
[EventDate "2015.02.14"]
[Source "lmi"]
[SourceDate "2015.02.14"]

1. c4 Nf6 2. Nc3 b6 3. e4 d6 4. d4 g6 5. f4 e6 6. Nf3 Bg7 7. Bd3 O-O 8. e5 Ne8
9. Be4 c6 10. Be3 f5 11. Bc2 Bb7 12. h4 dxe5 13. dxe5 Qxd1+ 14. Rxd1 c5 15. Kf2
Nc6 16. h5 Rd8 17. Rxd8 Nxd8 18. Rd1 Nc6 19. hxg6 hxg6 20. Ng5 Bc8 21. Ba4 Ne7
22. Bd7 Nc7 23. Bxc8 Rxc8 24. Rd7 Nc6 25. Nb5 Nxb5 26. cxb5 Nd4 27. Bxd4 cxd4
28. Rxd4 Bf8 29. Nxe6 Bc5 30. Nxc5 Rxc5 31. a4 Rc2+ 32. Kg3 Rxb2 33. Rd7 Rb3+
34. Kh4 Rb4 35. Kg5 Rxa4 36. Kxg6 1-0

[Event "Open Liberec 2015"]
[Site "Liberec (CZE)"]
[Date "2015.02.14"]
[Round "1.4"]
[White "Klucznik, Andre"]
[Black "Simek, Petr"]
[Result "0-1"]
[WhiteElo "1776"]
[BlackElo "2383"]
[PlyCount "88"]
[EventDate "2015.02.14"]
[Source "lmi"]
[SourceDate "2015.02.14"]

1. e4 c5 2. c3 Nf6 3. e5 Nd5 4. g3 d6 5. exd6 Qxd6 6. Bg2 Bf5 7. Ne2 Bd3 8. O-O
Nc6 9. Re1 g5 10. Na3 O-O-O 11. Nc2 Qg6 12. Na3 h5 13. Qb3 e6 14. Nc4 Rh6 15.
Ne3 Nb6 16. a4 Na5 17. Qa2 c4 18. b4 cxb3 19. Qb2 e5 20. c4 e4 21. Nc3 Bc5 22.
Ncd5 Nxd5 23. cxd5 Qf6 24. Qxf6 Rxf6 25. Bb2 Rg6 26. Rac1 b6 27. Bd4 Nb7 28.
Nf5 Re8 29. Bf1 Bxf1 30. Kxf1 Kd7 31. Bc3 Bf8 32. Rb1 Nc5 33. a5 bxa5 34. Bxa5
Ra6 35. Bc3 Nd3 36. Red1 Rb8 37. Ke2 Nc5 38. Ke3 Ra2 39. Ra1 Rb6 40. Nd4 Rba6
41. Rab1 Rb6 42. Ra1 Rxa1 43. Rxa1 a6 44. Rb1 Kd6 0-1

[Event "Open Liberec 2015"]
[Site "Liberec (CZE)"]
[Date "2015.02.14"]
[Round "1.5"]
[White "Vlasak, Lukas"]
[Black "Jina, Lubos"]
[Result "1-0"]
[WhiteElo "2353"]
[BlackElo "1773"]
[PlyCount "75"]
[EventDate "2015.02.14"]
[Source "lmi"]
[SourceDate "2015.02.14"]

1. e4 c5 2. Nf3 Nc6 3. d4 cxd4 4. Nxd4 e6 5. Nc3 Nf6 6. Ndb5 d6 7. Bf4 e5 8.
Bg5 a6 9. Na3 Be7 10. Bxf6 Bxf6 11. Nc4 Be7 12. Nd5 b5 13. Nxe7 Kxe7 14. Ne3
Re8 15. a4 Rb8 16. axb5 axb5 17. c3 Kf8 18. Be2 Be6 19. O-O b4 20. Ra6 Qc7 21.
Nd5 Bxd5 22. Qxd5 Rec8 23. Bg4 Ne7 24. Qxd6 Qxd6 25. Rxd6 Rc4 26. Rfd1 g5 27.
Be2 Rxe4 28. Bd3 Rh4 29. g3 Rh3 30. Bf1 Rh5 31. Be2 g4 32. Rd8+ Rxd8 33. Rxd8+
Kg7 34. cxb4 f5 35. Rd7 Kf7 36. Rd6 Rg5 37. b5 Rg8 38. Bc4+ 1-0

[Event "Open Liberec 2015"]
[Site "Liberec (CZE)"]
[Date "2015.02.14"]
[Round "1.6"]
[White "Slechta, Jan"]
[Black "Dambrauskas, Virginijus"]
[Result "0-1"]
[WhiteElo "1769"]
[BlackElo "2312"]
[PlyCount "54"]
[EventDate "2015.02.14"]
[Source "lmi"]
[SourceDate "2015.02.14"]

1. d4 d5 2. c4 e6 3. Nc3 c6 4. a4 Nf6 5. f3 Bb4 6. Bg5 c5 7. e3 Qa5 8. Qd2 cxd4
9. exd4 Nbd7 10. c5 O-O 11. Bb5 a6 12. Bxd7 Nxd7 13. f4 f6 14. Bh4 e5 15. Nge2
exd4 16. Qxd4 Nxc5 17. O-O Nb3 18. Qxd5+ Qxd5 19. Nxd5 Bc5+ 20. Bf2 Bxf2+ 21.
Kxf2 Nxa1 22. Rxa1 Bd7 23. Nec3 Rad8 24. Ne3 Bc6 25. Rd1 Rxd1 26. Nexd1 Rd8 27.
g4 Bxa4 0-1

[Event "Open Liberec 2015"]
[Site "Liberec (CZE)"]
[Date "2015.02.14"]
[Round "1.7"]
[White "Kucera, Petr"]
[Black "Cejp, Jaroslav"]
[Result "1-0"]
[WhiteElo "2252"]
[BlackElo "1749"]
[PlyCount "75"]
[EventDate "2015.02.14"]
[Source "lmi"]
[SourceDate "2015.02.14"]

1. d4 Nf6 2. Nf3 e6 3. c4 d5 4. Nc3 Nbd7 5. Bg5 Be7 6. e3 O-O 7. Bd3 Re8 8. O-O
c6 9. Qc2 h6 10. Bf4 dxc4 11. Bxc4 Nb6 12. Be2 Nbd5 13. Bg3 Nh5 14. Ng5 Bxg5
15. Bxh5 Bf6 16. Ne4 g6 17. Nxf6+ Qxf6 18. Bf3 Qg7 19. Rfd1 f5 20. Be5 Qf7 21.
Qd2 Kh7 22. Rac1 Nf6 23. b4 Nd7 24. Bg3 Nf6 25. b5 cxb5 26. Rc7 Nd7 27. Bxb7
Bxb7 28. Rxb7 a6 29. Qb4 Kg7 30. Qd6 Red8 31. Rc1 Rac8 32. Rxc8 Rxc8 33. h3 Rd8
34. Ra7 Qe8 35. Qc7 g5 36. Kh2 h5 37. h4 g4 38. Bf4 1-0

[Event "Open Liberec 2015"]
[Site "Liberec (CZE)"]
[Date "2015.02.14"]
[Round "1.8"]
[White "Simon, Petr"]
[Black "Halak, Miklos"]
[Result "0-1"]
[WhiteElo "1742"]
[BlackElo "2241"]
[PlyCount "96"]
[EventDate "2015.02.14"]
[Source "lmi"]
[SourceDate "2015.02.14"]

1. e4 d6 2. d4 Nf6 3. Nc3 g6 4. Be2 Bg7 5. Be3 a6 6. f3 b5 7. a3 O-O 8. Qd2 e5
9. d5 Nbd7 10. h4 h5 11. Nh3 Rb8 12. Na2 Nc5 13. b4 Ncxe4 14. fxe4 Nxe4 15. Qd3
Qxh4+ 16. Nf2 Nxf2 17. Rxh4 Nxd3+ 18. cxd3 Bb7 19. Nc3 e4 20. d4 f5 21. O-O-O
Bf6 22. Rh2 Rbe8 23. Bxh5 gxh5 24. Rxh5 Bg7 25. g3 Bc8 26. Ne2 Kf7 27. Rdh1 Rh8
28. Rxh8 Rxh8 29. Rxh8 Bxh8 30. Kd2 Bb7 31. Nc3 Kg6 32. Ke2 Bf6 33. g4 fxg4 34.
Nxe4 Bxd5 35. Nxf6 Kxf6 36. Kf2 Kf5 37. Kg3 Ke4 38. Bf2 Be6 39. Bg1 Kd3 40. Kf4
Kc3 41. Ke3 Kb3 42. Kd3 g3 43. Be3 g2 44. Bf2 Kxa3 45. Kc3 Ka4 46. Be3 a5 47.
bxa5 b4+ 48. Kb2 Kxa5 0-1

[Event "Open Liberec 2015"]
[Site "Liberec (CZE)"]
[Date "2015.02.14"]
[Round "1.9"]
[White "Paszewski, Mateusz"]
[Black "Vorontsov, Gennadiy"]
[Result "1-0"]
[WhiteElo "2209"]
[BlackElo "1727"]
[PlyCount "53"]
[EventDate "2015.02.14"]
[Source "lmi"]
[SourceDate "2015.02.14"]

1. c4 b6 2. Nc3 e6 3. e4 Bb7 4. g3 f5 5. Bg2 Nf6 6. d3 Bb4 7. Nge2 fxe4 8. O-O
Bxc3 9. Nxc3 O-O 10. dxe4 Nc6 11. e5 Ne8 12. Bf4 Qe7 13. Qe2 Nd4 14. Qd3 Bxg2
15. Kxg2 Nf5 16. Bd2 g5 17. Ne4 h6 18. Rad1 Rf7 19. Bc3 Rd8 20. Rfe1 Qf8 21. c5
bxc5 22. Qc4 Ne7 23. Qxc5 Nc6 24. Re2 a6 25. Qxf8+ Kxf8 26. Nc5 Nb8 27. Nxe6+
1-0

[Event "Open Liberec 2015"]
[Site "Liberec (CZE)"]
[Date "2015.02.14"]
[Round "1.10"]
[White "Nemcova, Karin"]
[Black "Bartos, Jan"]
[Result "1/2-1/2"]
[WhiteElo "1723"]
[BlackElo "2195"]
[PlyCount "110"]
[EventDate "2015.02.14"]
[Source "lmi"]
[SourceDate "2015.02.14"]

1. e4 g6 2. d4 Bg7 3. Nf3 d6 4. Nc3 a6 5. a4 b6 6. Bc4 Bb7 7. O-O e6 8. Re1 Ne7
9. Bf4 h6 10. h3 Nd7 11. Qd2 g5 12. Bh2 O-O 13. Rad1 Ng6 14. Qe3 Qb8 15. Rd2
Qa7 16. Rde2 Rae8 17. e5 Bxf3 18. Qxf3 d5 19. Bd3 c5 20. dxc5 Nxc5 21. Bxg6
fxg6 22. Qe3 Qd7 23. Qd4 Rc8 24. h4 gxh4 25. Qxh4 Nb7 26. Qd4 Qc6 27. Qd3 Kh7
28. Qxa6 Nc5 29. Qb5 d4 30. Qxc6 Rxc6 31. Nb5 d3 32. cxd3 Nxd3 33. Rd1 Rc4 34.
b3 Rc1 35. Rxc1 Nxc1 36. Re3 Rd8 37. Bg3 Rd2 38. Kh2 Nd3 39. f3 Kg8 40. Re4 Nc5
41. Re3 g5 42. Be1 Rd3 43. Rxd3 Nxd3 44. Bc3 Nxe5 45. Bd4 Nd7 46. Bxg7 Kxg7 47.
Kg3 Kf6 48. Kg4 Kg6 49. Nc7 h5+ 50. Kg3 Kf5 51. Nb5 Ke5 52. Kf2 Kd5 53. Ke3 Nc5
54. Nc3+ Ke5 55. b4 Nb7 1/2-1/2

[Event "Open Liberec 2015"]
[Site "Liberec (CZE)"]
[Date "2015.02.14"]
[Round "1.11"]
[White "Grela, Kacper"]
[Black "Zitek, Jiri"]
[Result "1-0"]
[WhiteElo "2165"]
[BlackElo "1723"]
[PlyCount "35"]
[EventDate "2015.02.14"]
[Source "lmi"]
[SourceDate "2015.02.14"]

1. e4 c6 2. d4 d6 3. Nc3 g6 4. f4 Bg7 5. Nf3 Bg4 6. Be3 Nd7 7. Be2 Qa5 8. O-O
Rd8 9. Nd2 Bxe2 10. Qxe2 b5 11. d5 b4 12. dxc6 bxc3 13. cxd7+ Rxd7 14. bxc3
Qxc3 15. Rab1 e6 16. e5 Ne7 17. Ne4 Qa3 18. Rb8+ 1-0

[Event "Open Liberec 2015"]
[Site "Liberec (CZE)"]
[Date "2015.02.14"]
[Round "1.12"]
[White "Krajinski, Lutz"]
[Black "Kuba, Stanislav"]
[Result "0-1"]
[WhiteElo "1713"]
[BlackElo "2164"]
[PlyCount "72"]
[EventDate "2015.02.14"]
[Source "lmi"]
[SourceDate "2015.02.14"]

1. c4 g6 2. Nc3 Bg7 3. d4 Nf6 4. e4 d6 5. Be2 c6 6. f4 a6 7. a4 a5 8. Nf3 Na6
9. h3 Nh5 10. Kf2 O-O 11. Be3 Qc7 12. Nd2 e5 13. dxe5 dxe5 14. fxe5 Qxe5 15.
Bxh5 gxh5 16. Qe2 f5 17. Ke1 f4 18. Nf3 Qe7 19. Bf2 Be6 20. Nd4 Rae8 21. Rd1
Qb4 22. Nxe6 Bxc3+ 23. bxc3 Qxc3+ 24. Rd2 Rxe6 25. Bd4 Qg3+ 26. Kd1 Qg6 27. Re1
Rfe8 28. Qd3 Nb4 29. Qb3 Rxe4 30. c5+ Kf8 31. Rf1 Qf7 32. Qxf7+ Kxf7 33. Bc3
Nd5 34. Bxa5 Rxa4 35. Rxd5 cxd5 36. Bc3 Kg6 0-1

[Event "Open Liberec 2015"]
[Site "Liberec (CZE)"]
[Date "2015.02.14"]
[Round "1.13"]
[White "Bjerke, Silje"]
[Black "Mraz, Pavel"]
[Result "1-0"]
[WhiteElo "2157"]
[BlackElo "1706"]
[PlyCount "57"]
[EventDate "2015.02.14"]
[Source "lmi"]
[SourceDate "2015.02.14"]

1. e4 c5 2. Nf3 d6 3. d4 cxd4 4. Nxd4 Nf6 5. Nc3 a6 6. Bc4 e6 7. O-O Be7 8. a4
Qc7 9. Ba2 Nc6 10. Be3 Bd7 11. f4 Nxd4 12. Bxd4 O-O 13. e5 dxe5 14. fxe5 Ne8
15. Kh1 Bc6 16. Qg4 Qc8 17. Rae1 b5 18. Rxf7 Rxf7 19. Bxe6 Qb7 20. Rf1 b4 21.
Rxf7 Kh8 22. Ne2 Rd8 23. Qg5 h6 24. Qxe7 Bxg2+ 25. Kg1 Qxe7 26. Rxe7 Bf3 27.
Nf4 Be4 28. Bd7 Nc7 29. e6 1-0

[Event "Open Liberec 2015"]
[Site "Liberec (CZE)"]
[Date "2015.02.14"]
[Round "1.14"]
[White "Von Keyserlingk, Chanda"]
[Black "Balinski, Damian"]
[Result "0-1"]
[WhiteElo "1706"]
[BlackElo "2156"]
[PlyCount "70"]
[EventDate "2015.02.14"]
[Source "lmi"]
[SourceDate "2015.02.14"]

1. d4 d5 2. c4 e5 3. dxe5 d4 4. e4 Nc6 5. Nf3 Nge7 6. Bd3 Ng6 7. O-O Be7 8.
Nbd2 Ncxe5 9. Nxe5 Nxe5 10. Nb3 Be6 11. Qc2 g5 12. f4 gxf4 13. Bxf4 Ng6 14. Qf2
c5 15. Qf3 Rg8 16. e5 Nh4 17. Qxb7 Nxg2 18. Kh1 Nxf4 19. Rxf4 Qc8 20. Qxc8+
Rxc8 21. Rg1 Kd7 22. Rxg8 Rxg8 23. Rf2 Rg5 24. Nd2 Rxe5 25. Bxh7 Bh4 26. Rf1
Re2 27. Ne4 Kc6 28. Rf4 Be1 29. b3 Rxa2 30. Ng5 Bd2 31. Be4+ Kd6 32. Nxe6 Bxf4
33. Nxf4 Ke5 34. Bb1 Ra1 35. Nd3+ Kd6 0-1

[Event "Open Liberec 2015"]
[Site "Liberec (CZE)"]
[Date "2015.02.14"]
[Round "1.15"]
[White "Sobeck, Guenter"]
[Black "Svec, Ludek"]
[Result "1-0"]
[WhiteElo "2107"]
[BlackElo "1705"]
[PlyCount "79"]
[EventDate "2015.02.14"]
[Source "lmi"]
[SourceDate "2015.02.14"]

1. e4 c5 2. b3 Nf6 3. e5 Nd5 4. Bb2 e6 5. g3 Nc6 6. Bg2 Be7 7. Nf3 O-O 8. Nc3
Nxc3 9. dxc3 Qc7 10. Qe2 b5 11. O-O Rb8 12. Rfe1 c4 13. a4 bxa4 14. Qxc4 axb3
15. cxb3 Qb6 16. Nd2 Bb7 17. Ba3 Rfc8 18. Qa4 Bxa3 19. Rxa3 Ba8 20. Nc4 Qc5 21.
Re3 Rc7 22. Bf1 Nd8 23. Nd2 Qd5 24. Nf3 Qd1 25. Rd3 Qc1 26. b4 Bc6 27. Ra1 Bxa4
28. Rxc1 Bb5 29. Rdd1 a6 30. Nd2 Nc6 31. f4 f6 32. exf6 gxf6 33. Ne4 Kg7 34.
Nc5 Bxf1 35. Kxf1 a5 36. Na6 Ra7 37. Nxb8 Nxb8 38. Ra1 Rc7 39. bxa5 Na6 40. Rd6
1-0

[Event "Open Liberec 2015"]
[Site "Liberec (CZE)"]
[Date "2015.02.14"]
[Round "1.16"]
[White "Nemcova, Kamila"]
[Black "Buchcar, Tomas"]
[Result "0-1"]
[WhiteElo "1697"]
[BlackElo "2098"]
[PlyCount "72"]
[EventDate "2015.02.14"]
[Source "lmi"]
[SourceDate "2015.02.14"]

1. e4 c5 2. Nf3 d6 3. d4 cxd4 4. Nxd4 Nf6 5. Nc3 a6 6. Be2 e6 7. O-O Be7 8. Kh1
O-O 9. f4 Qc7 10. Be3 Nbd7 11. Qe1 b5 12. Bf3 Bb7 13. a3 Rfe8 14. Nb3 Rac8 15.
Rd1 Bf8 16. Qg3 e5 17. f5 Qb8 18. Rd2 Rxc3 19. bxc3 Bxe4 20. Qh3 Rc8 21. Bxe4
Nxe4 22. Rd3 Ndf6 23. Bg1 Qb7 24. Nd2 Nxd2 25. Rxd2 Rc4 26. Rf3 d5 27. Re3 Qc7
28. Rdd3 Bxa3 29. Rg3 Bf8 30. Rge3 Rf4 31. Rf3 Ra4 32. Rf1 Ra2 33. Rf2 Ra1 34.
Re2 Bc5 35. Ree3 h5 36. Rd2 Ng4 0-1

[Event "Open Liberec 2015"]
[Site "Liberec (CZE)"]
[Date "2015.02.14"]
[Round "1.17"]
[White "Moncayo Romero, Evelyn"]
[Black "Hruby, Vaclav"]
[Result "1-0"]
[WhiteElo "2080"]
[BlackElo "1693"]
[PlyCount "41"]
[EventDate "2015.02.14"]
[Source "lmi"]
[SourceDate "2015.02.14"]

1. e4 d6 2. d4 Nf6 3. Nc3 c6 4. Bd3 b5 5. e5 dxe5 6. dxe5 Nfd7 7. e6 Ne5 8.
exf7+ Nxf7 9. Nxb5 cxb5 10. Qf3 Bd7 11. Qxa8 Bc6 12. Qxa7 Bxg2 13. Bxb5+ Nd7
14. Be3 Bxh1 15. f3 Nd6 16. Bc6 e5 17. O-O-O Be7 18. Bc5 O-O 19. Qxd7 Qxd7 20.
Bxd7 Bg5+ 21. Kb1 1-0

[Event "Open Liberec 2015"]
[Site "Liberec (CZE)"]
[Date "2015.02.14"]
[Round "1.18"]
[White "Hassemeier, Mika"]
[Black "Cakl, Zdenek"]
[Result "0-1"]
[WhiteElo "1690"]
[BlackElo "2060"]
[PlyCount "68"]
[EventDate "2015.02.14"]
[Source "lmi"]
[SourceDate "2015.02.14"]

1. c4 e6 2. d4 d5 3. Nc3 f5 4. Nf3 Nf6 5. Bg5 Be7 6. e3 O-O 7. Bd3 c6 8. O-O
Ne4 9. Bxe7 Qxe7 10. Qc2 Nd7 11. Rac1 Kh8 12. Nd2 Rf6 13. Ncxe4 fxe4 14. Be2
Rg6 15. Rfd1 Qg5 16. Bf1 Nf6 17. cxd5 exd5 18. Nb3 Ng4 19. Nc5 Nxh2 20. Kxh2
Qh4+ 21. Kg1 Rh6 22. f3 exf3 23. gxf3 Qh1+ 24. Kf2 Rh2+ 25. Ke1 Rxc2 26. Rxc2
Qxf3 27. Rf2 Qxe3+ 28. Be2 Bg4 29. Rd3 Qc1+ 30. Rd1 Qg5 31. Nd3 Bxe2 32. Kxe2
Qg4+ 33. Kd2 Qxd4 34. Rdf1 h6 0-1

[Event "Open Liberec 2015"]
[Site "Liberec (CZE)"]
[Date "2015.02.14"]
[Round "1.19"]
[White "Sedlak, Jaroslav"]
[Black "Ptacek, Tomas"]
[Result "0-1"]
[WhiteElo "1627"]
[BlackElo "2009"]
[PlyCount "60"]
[EventDate "2015.02.14"]
[Source "lmi"]
[SourceDate "2015.02.14"]

1. b3 Nf6 2. e3 g6 3. Nc3 Bg7 4. Bb2 O-O 5. Nf3 c5 6. h3 Nc6 7. Be2 e5 8. d3 d5
9. O-O Re8 10. Re1 d4 11. exd4 exd4 12. Na4 Qd6 13. Bf1 Rxe1 14. Qxe1 b5 15.
Nxc5 Qxc5 16. Qe2 Bd7 17. Rc1 Bh6 18. Ra1 Re8 19. Qd1 Nd5 20. a4 a6 21. axb5
axb5 22. Ba3 Ncb4 23. Ne1 Qc3 24. Bxb4 Nxb4 25. Be2 Rc8 26. Ra7 Be6 27. Rb7
Nxc2 28. Nxc2 Qxc2 29. Qxc2 Rxc2 30. Bd1 Rc1 0-1

[Event "Open Liberec 2015"]
[Site "Liberec (CZE)"]
[Date "2015.02.14"]
[Round "1.20"]
[White "Liduch, Filip"]
[Black "Rychtecky, Pavel"]
[Result "1-0"]
[WhiteElo "1988"]
[BlackElo "1623"]
[PlyCount "43"]
[EventDate "2015.02.14"]
[Source "lmi"]
[SourceDate "2015.02.14"]

1. e4 e5 2. Nf3 Nc6 3. d4 exd4 4. Nxd4 Bc5 5. c3 Nf6 6. Nxc6 bxc6 7. Bd3 h6 8.
e5 Qe7 9. O-O Nh7 10. b4 Bb6 11. Nd2 O-O 12. a4 a6 13. Nc4 Rb8 14. Qc2 Ng5 15.
Nxb6 cxb6 16. f4 Ne6 17. f5 Nc7 18. f6 Qe8 19. fxg7 Kxg7 20. Bxh6+ Kxh6 21.
Qd2+ Kg7 22. Qg5+ 1-0

[Event "Open Liberec 2015"]
[Site "Liberec (CZE)"]
[Date "2015.02.15"]
[Round "2.1"]
[White "Vaclavicek, Lukas"]
[Black "Roeder, Matthias"]
[Result "1/2-1/2"]
[WhiteElo "2010"]
[BlackElo "2414"]
[PlyCount "92"]
[EventDate "2015.02.14"]
[Source "lmi"]
[SourceDate "2015.02.14"]

1. e4 c5 2. Nf3 d6 3. d4 cxd4 4. Nxd4 Nf6 5. Nc3 a6 6. Bg5 e6 7. f4 h6 8. Bh4
Qb6 9. Rb1 Be7 10. Bf2 Qc7 11. Be2 b5 12. a3 Bb7 13. Bf3 Nbd7 14. O-O O-O 15.
Re1 Rfe8 16. Qd2 Nb6 17. Qd3 Nfd7 18. Bg4 Bf8 19. Qg3 Nc4 20. f5 e5 21. Nb3 Nf6
22. Be2 Nb6 23. Bf1 d5 24. exd5 Nbxd5 25. Nxd5 Bxd5 26. Rbc1 Rac8 27. Nd2 Bc5
28. h3 e4 29. Qxc7 Rxc7 30. Bxc5 Rxc5 31. Re3 Rec8 32. c3 h5 33. Be2 h4 34. Rf1
Bb7 35. Nb3 Re5 36. Rf4 Rce8 37. Rxh4 Nd5 38. Rg3 Rxf5 39. Nc5 Nf4 40. Rxf4
Rxc5 41. Kf2 a5 42. Ke3 Kf8 43. Rfg4 g6 44. Rg5 Ree5 45. h4 Ke7 46. Rxe5+ Rxe5
1/2-1/2

[Event "Open Liberec 2015"]
[Site "Liberec (CZE)"]
[Date "2015.02.15"]
[Round "2.2"]
[White "Nagy, Gabor"]
[Black "Liduch, Filip"]
[Result "1-0"]
[WhiteElo "2391"]
[BlackElo "1988"]
[PlyCount "69"]
[EventDate "2015.02.14"]
[Source "lmi"]
[SourceDate "2015.02.14"]

1. e4 e5 2. Nf3 Nc6 3. Be2 Nf6 4. Nc3 d6 5. d4 Be7 6. h3 O-O 7. O-O Re8 8. Re1
h6 9. d5 Nb8 10. Be3 c6 11. b4 cxd5 12. exd5 Bf5 13. Nd2 Nbd7 14. Nc4 a6 15. a4
Ne4 16. Nxe4 Bxe4 17. a5 Rc8 18. f3 Bg6 19. Rc1 Qc7 20. c3 Qb8 21. Qd2 f5 22.
f4 e4 23. Bd4 Nf6 24. Nb6 Rcd8 25. c4 Nd7 26. Qe3 Bf7 27. Bd1 Nf6 28. Bb3 Kh7
29. Red1 Rg8 30. c5 Rgf8 31. Bb2 Nh5 32. c6 bxc6 33. dxc6 Qa7 34. Bxf7 Rxf7 35.
Bd4 1-0

[Event "Open Liberec 2015"]
[Site "Liberec (CZE)"]
[Date "2015.02.15"]
[Round "2.3"]
[White "Ptacek, Tomas"]
[Black "Plischki, Sebastian"]
[Result "0-1"]
[WhiteElo "2009"]
[BlackElo "2386"]
[PlyCount "60"]
[EventDate "2015.02.14"]
[Source "lmi"]
[SourceDate "2015.02.14"]

1. e4 g6 2. d4 Bg7 3. Nc3 d6 4. Be3 a6 5. Qd2 b5 6. O-O-O Bb7 7. f3 Nd7 8. h4
h5 9. Nh3 Rc8 10. Ng5 c5 11. e5 dxe5 12. dxe5 Bxe5 13. Nxf7 Kxf7 14. Qxd7 Qc7
15. Qxc7 Rxc7 16. Ne2 Nh6 17. Bf4 Bxf4+ 18. Nxf4 c4 19. Re1 Bc8 20. g3 Re8 21.
Bh3 e5 22. Bxc8 exf4 23. Rxe8 Kxe8 24. Bxa6 fxg3 25. Bxb5+ Kf7 26. Kd2 Nf5 27.
a4 Nxh4 28. Ke2 Re7+ 29. Kd1 g2 30. Bxc4+ Kg7 0-1

[Event "Open Liberec 2015"]
[Site "Liberec (CZE)"]
[Date "2015.02.15"]
[Round "2.4"]
[White "Simek, Petr"]
[Black "Liska-Jun., Jiri"]
[Result "1-0"]
[WhiteElo "2383"]
[BlackElo "1985"]
[PlyCount "49"]
[EventDate "2015.02.14"]
[Source "lmi"]
[SourceDate "2015.02.14"]

1. d4 Nf6 2. c4 g6 3. g3 Bg7 4. Bg2 O-O 5. Nc3 c6 6. Nf3 d5 7. cxd5 cxd5 8. Ne5
e6 9. O-O Nfd7 10. f4 Nc6 11. Be3 f6 12. Nxc6 bxc6 13. Rc1 Nb6 14. b3 Qe7 15.
Qd2 Bd7 16. Nd1 a5 17. a4 Qa3 18. Nf2 Rfb8 19. Rc3 Bf8 20. Qc2 Kf7 21. Nd3 Ra7
22. Bc1 Qd6 23. f5 Rc8 24. fxg6+ hxg6 25. Ne5+ 1-0

[Event "Open Liberec 2015"]
[Site "Liberec (CZE)"]
[Date "2015.02.15"]
[Round "2.5"]
[White "Wasik, Piotr"]
[Black "Vlasak, Lukas"]
[Result "0-1"]
[WhiteElo "1986"]
[BlackElo "2353"]
[PlyCount "114"]
[EventDate "2015.02.14"]
[Source "lmi"]
[SourceDate "2015.02.14"]

1. e4 c5 2. Nf3 d6 3. d4 cxd4 4. Qxd4 a6 5. c4 Nc6 6. Qd1 g6 7. Be2 Bg7 8. O-O
Nf6 9. Nc3 O-O 10. Be3 Ng4 11. Bg5 h6 12. Bf4 Be6 13. Rc1 Rc8 14. Qd2 g5 15.
Bg3 Nge5 16. Nxe5 Nxe5 17. b3 Ng6 18. Nd5 Bxd5 19. exd5 Qb6 20. Kh1 Qd4 21.
Qxd4 Bxd4 22. Bh5 Kg7 23. Rce1 Rc7 24. f4 gxf4 25. Bxf4 Bf6 26. Be2 Bg5 27. Bg3
Bh4 28. Bxh4 Nxh4 29. Bd3 Ng6 30. Bxg6 fxg6 31. Rxf8 Kxf8 32. Kg1 b5 33. Re4
Rc5 34. Kf2 bxc4 35. bxc4 Ra5 36. Re2 Ra3 37. Rc2 Kf7 38. Ke1 Kf6 39. Rf2+ Ke5
40. Rf7 Kd4 41. Rxe7 Kxc4 42. Re6 Kxd5 43. Rxg6 Rxa2 44. h4 a5 45. Rxh6 a4 46.
Rh5+ Ke4 47. Ra5 d5 48. h5 a3 49. h6 Ke3 50. Kd1 d4 51. h7 Ra1+ 52. Kc2 d3+ 53.
Kc3 Rc1+ 54. Kb4 Rh1 55. Kc3 d2 56. Re5+ Kf4 57. Rd5 a2 0-1

[Event "Open Liberec 2015"]
[Site "Liberec (CZE)"]
[Date "2015.02.15"]
[Round "2.6"]
[White "Grzesik, Norbert"]
[Black "Kucera, Petr"]
[Result "0-1"]
[WhiteElo "1961"]
[BlackElo "2252"]
[PlyCount "78"]
[EventDate "2015.02.14"]
[Source "lmi"]
[SourceDate "2015.02.14"]

1. e4 c5 2. Nf3 Nc6 3. d4 cxd4 4. Nxd4 g6 5. c4 Nf6 6. Nc3 d6 7. Be2 Nxd4 8.
Qxd4 Bg7 9. Be3 O-O 10. Qd2 Be6 11. Rc1 Qa5 12. O-O Rfc8 13. b3 a6 14. f4 b5
15. f5 Bd7 16. e5 b4 17. Na4 Ne4 18. Qd5 Qxd5 19. cxd5 Rxc1 20. Rxc1 Bxa4 21.
bxa4 Nc3 22. Bc4 Bxe5 23. fxg6 hxg6 24. a5 Kg7 25. Kf2 Rc8 26. Bxa6 Ra8 27. Bc4
Rxa5 28. Bb6 Ra3 29. Rc2 Bxh2 30. g3 Bxg3+ 31. Kxg3 Nxd5+ 32. Bb3 Nxb6 33. Rc7
Kf6 34. Rb7 Nd5 35. Kf2 Ke5 36. Rb5 e6 37. Rb8 g5 38. Rf8 Nc3 39. Rb8 Nxa2 0-1

[Event "Open Liberec 2015"]
[Site "Liberec (CZE)"]
[Date "2015.02.15"]
[Round "2.7"]
[White "Halak, Miklos"]
[Black "Hiller, Wieland"]
[Result "1-0"]
[WhiteElo "2241"]
[BlackElo "1954"]
[PlyCount "69"]
[EventDate "2015.02.14"]
[Source "lmi"]
[SourceDate "2015.02.14"]

1. e4 c5 2. c3 Nf6 3. e5 Nd5 4. d4 d6 5. Nf3 Nc6 6. Bc4 Nb6 7. Bb5 Bd7 8. exd6
exd6 9. O-O Be7 10. Bf4 O-O 11. Na3 Rc8 12. d5 Nb8 13. Be2 Bf5 14. Qd2 N8d7 15.
c4 Nf6 16. Bd3 Bxd3 17. Qxd3 Qd7 18. h3 Rfe8 19. Nc2 Nh5 20. Bh2 g6 21. Ne3 Bf6
22. Rab1 Na4 23. Qc2 Nb6 24. g4 Ng7 25. g5 Bd4 26. Ng4 Nh5 27. Nxd4 cxd4 28.
Qd3 Nxc4 29. Qxd4 Ne5 30. Nh6+ Kf8 31. f4 Rc4 32. Qd2 Qxh3 33. fxe5 Rg4+ 34.
Nxg4 Qxg4+ 35. Qg2 1-0

[Event "Open Liberec 2015"]
[Site "Liberec (CZE)"]
[Date "2015.02.15"]
[Round "2.8"]
[White "Bradac, Daniel"]
[Black "Grela, Kacper"]
[Result "1-0"]
[WhiteElo "1932"]
[BlackElo "2165"]
[PlyCount "57"]
[EventDate "2015.02.14"]
[Source "lmi"]
[SourceDate "2015.02.14"]

1. e4 c5 2. Nf3 Nc6 3. d3 d6 4. g3 g6 5. Bg2 Bg7 6. O-O e5 7. Nbd2 Nge7 8. c3
O-O 9. Nc4 h6 10. Nh4 Be6 11. Ne3 d5 12. f4 exf4 13. gxf4 d4 14. f5 Bf6 15.
fxe6 Bxh4 16. exf7+ Kh7 17. Ng4 Bg5 18. Bxg5 hxg5 19. Qd2 Nc8 20. Rf6 Ne5 21.
Qxg5 Nxg4 22. Qxg6+ Kh8 23. Qh5+ Kg7 24. Rg6+ Kxf7 25. Rf1+ Ke7 26. Rg7+ Ke6
27. Qxg4+ Kd6 28. e5+ Kxe5 29. Qe4+ 1-0